000 00326nam a2200145Ia 4500
008 230312s9999||||xx |||||||||||||| ||und||
020 _a3-8656-0063-8
082 _a720.19
_bDER-G
100 _aDer; Verlag
245 0 _aGeorg Kargl
260 _bAustria
_aNew York
300 _a326
650 _aArchitecture
942 _cBK
999 _c11592
_d11592